000 01027nam0a22002531 4500
001 rc\1159741
005 20041129085002.7
035 _a(NLR Aleph) 006404184
090 _a5277756
_c5277756
100 _a20041129d1980 u |0rusy50 ca
101 0 _arus
102 _aRU
105 _aa |||||||||
200 1 _aПрограммное обеспечение управляющих ЭВМ
_eСб. науч. тр.
_fКиев. ин-т автоматики им. XXV съезда КПСС
_g[Редкол.: Зайцев В.Г. (отв. ред.) и др.]
210 _aКиев
_cКиев. ин-т автоматики
_d1980
215 _a132 с.
_cил.
_d20
320 _aБиблиогр. в конце работ
702 1 _aЗайцев
_bВ. Г.
_gВладимир Григорьевич
_4340
712 0 2 _aКиевский ин-т автоматики им. XXV съезда КПСС
_3RU\NLR\AUTH\889937300
801 0 _aRU
_bNLR
_gpsbo
801 1 _aRU
_bELAR
_2rusmarc
852 _aNLR
_j81-3/6368
942 _cBOOK
980 _aNB